Los problemas del libro en la lengua castellana / (Record no. 145517)

MARC details
000 -LEADER
campo de control de longitud fija 00561nam a2200193 i 4500
001 - NÚMERO DE CONTROL
campo de control 145517
003 - IDENTIFICADOR DE NÚMERO DE CONTROL
campo de control ES-MaACL
005 - FECHA Y HORA DE LA ÚLTIMA TRANSACCIÓN
campo de control 20251124063455.0
007 - CAMPO FIJO DE DESCRIPCIÓN FÍSICA--INFORMACIÓN GENERAL
campo de control de longitud fija t|
008 - DATOS DE LONGITUD FIJA--INFORMACIÓN GENERAL
campo de control de longitud fija 071015s1931 ag |||| | spa d
080 ## - NÚMERO DE LA CLASIFICACIÓN DECIMAL UNIVERSAL
Número de la Clasificación Decimal Universal 002(04)
100 1# - ENTRADA PRINCIPAL--NOMBRE DE PERSONA
Nombre de persona Venegas, José,
Fechas asociadas al nombre 1896-1948
9 (RLIN) 113888
245 14 - MENCIÓN DEL TÍTULO
Título Los problemas del libro en la lengua castellana /
Mención de responsabilidad, etc. José Venegas.
260 ## - PUBLICACIÓN, DISTRIBUCIÓN, ETC.
Lugar de publicación, distribución, etc. Madrid :
Nombre del editor, distribuidor, etc. [s.n.],
Fecha de publicación, distribución, etc. 1931 (
Fabricante Imp. de Galo Sáez)
300 ## - DESCRIPCIÓN FÍSICA
Extensión 118 p. ;
Dimensiones 19 cm.
650 07 - PUNTO DE ACCESO ADICIONAL DE MATERIA--TÉRMINO DE MATERIA
Término de materia o nombre geográfico como elemento de entrada Libros
Fuente del encabezamiento o término embne
9 (RLIN) 14428
852 ## - LOCALIZACIÓN
Ubicación ES-MaACL
Número de control de estantería A-2891
Holdings
Estatus retirado Estado de pérdida Estado de daño No para préstamo Biblioteca de origen Biblioteca actual Ubicación en estantería Fecha de adquisición Fuente de adquisición Total de préstamos Signatura topográfica completa Código de barras Visto por última vez Precio de reemplazo Tipo de ítem Koha
        Biblioteca del Ateneo de Madrid Biblioteca del Ateneo de Madrid Sala Pecera Planta 1 17/01/2008     A-2891 1151893 23/02/2023 23/02/2023 Libro impreso